| 000 | 00515nam a2200157 a 4500 | ||
|---|---|---|---|
| 001 | 5769 | ||
| 003 | CDMR | ||
| 005 | 20131213174201.0 | ||
| 008 | 130130s ||||||||||||||||||||||||||||d | ||
| 040 |
_aCDMR _bcat _cCDMR |
||
| 245 | 0 |
_aStatuts de l'Union Internationale des Associations de Presse _b/ Statuts pour les Tribunaux professionels de la Presse |
|
| 260 |
_bSociété Industrielle d'Imprimerie _a[s.l.] _c[s.d.] |
||
| 300 | _a16 p. | ||
| 650 | 0 | 4 |
_9216 _aAssociacions de professionals i tècnics |
| 942 |
_cFULLET _2udc |
||
| 999 |
_c5769 _d5769 |
||